000 00543nam a2200181Ia 4500
003 OSt
005 20260331111517.0
008 211028s2010 xx 000 0 und d
040 _cAIMIT LIBRARY
041 _aeng
082 _a658.8 PRAS
100 _aPrakash S N, Shiva;Shanbhag, Santhosh.
_g816113
_96703
245 _aAn analysis of price versus occupancy in order to maximum revenue for mango suites, Mangalore /
260 _bShanbhag, Santhosh
_c2010
600 _aMarketing
_96704
650 _aMarketing
_96705
942 _2ddc
_cPRO
999 _c218326
_d218326